"Frohe Weihnachten!" in verschiedenen Sprachen - Statistiken

Allgemein
  • Dieses Quiz wurde 234 mal gespielt
  • Das Durchschnittsergebnis liegt bei 17 aus 48
Antwortstatistiken
Frohe Weihnachten Sprache % Korrekt
Merry Christmas Englisch
97%
Feliz Navidad Spanisch
89%
Joyeux Noël Französisch
77%
God Jul Schwedisch/Norwegisch/Dänisch
67%
Buon Natale Italienisch
65%
С Рождеством Христовым Russisch
62%
Vrolijk Kerstfeest Niederländisch
61%
Hyvää joulua Finnisch
60%
Feliz Natal Portugiesisch
58%
圣诞​快乐 Chinesisch
57%
Laetum Festum Nativitatis Lateinisch
57%
عيد ميلاد مجيد Arabisch
54%
Καλά Χριστούγεννα Griechisch
51%
Gleðileg jól Isländisch
51%
メリークリスマス Japanisch
49%
크리스마스를 축하합니다 Koreanisch
49%
Wesołych Świąt Bożego Narodzenia Polnisch
49%
З Різдвом Христовим Ukrainisch
46%
Sretan Božić Kroatisch/Bosnisch
39%
חג מולד שמח Hebräisch
32%
สุขสันต์วันคริสต์มาส Thailändisch
31%
Kellemes karácsonyi ünnepeket Ungarisch
30%
Häid jõule Estnisch
29%
Veselé Vánoce Tschechisch
29%
Chức mừng Giáng sinh Vietnamesisch
29%
Veselé Vianoce Slowakisch
28%
کریسمس مبارک Persisch
27%
Честита Коледа Bulgarisch
25%
Срећан Божић Serbisch
25%
Schéi Chrëschtdeeg Luxemburgisch
24%
З Калядамі Weißrussisch
23%
क्रिसमस मुबारक Hindi
22%
Priecīgus Ziemassvētkus Lettisch
22%
Crăciun fericit Rumänisch
21%
Շնորհավոր Սուրբ Ծնունդ Armenisch
19%
Linksmų Kalėdų Litauisch
19%
შობას გილოცავთ Georgisch
18%
Mutlu Noeller Türkisch
18%
'n geseënde Kersfees Afrikaans
15%
Gëzuar Krishtlindjet Albanisch
15%
Nollaig Shona Duit Irisch
15%
Nadolig Llawen Walisisch
14%
শুভ বড়দিন Bengalisch
10%
ပျော်ရွှင်သောခရစ္စမတ်ဖြစ်ပါစေ Birmanisch
8%
Selamat Hari Natal Indonesisch/Malaysisch
8%
រីករាយ​ថ្ងៃ​បុណ្យ​ណូអែល Khmer
8%
Зул сарын мэнд Mongolisch
7%
Bellas festas da Nadal Rätoromanisch
5%
Keine übereinstimmenden Quizze gefunden
Verteilung der Resultate
Anzahl Personen mit jedem Resultat
Perzentil nach korrekt beantworteten Fragen
Ihre Resultats-Entwicklung
Sie haben dieses Quiz noch nicht gespielt